Deadliest Earthquakes of the Last 100 Years - Statistics

General Stats
  • This quiz has been taken 499 times
  • The average score is 10 of 12
Answer Stats
Estimated Death Toll Magnitude Name Year Answer % Correct
650,000-779,000 7.8 Tangshang 1976 China
98%
273400 7.8 Haiyuan 1920 China
98%
87587 7.9 Sichuan 2008 China
98%
40900 7.6 Gulang 1927 China
98%
316000 7.0 Haiti 2010 Haiti
97%
230000 9.1 - 9.3 Indian Ocean 2004 Indonesia
94%
142807 7.9 Great Kanto 1923 Japan
94%
100000 7.6 Kashmir 2005 Pakistan
90%
60000 7.7 Balochistan 1935 Pakistan
90%
50000 7.4 Manjil-Rudbar 1990 Iran
62%
110000 7.3 Ashgabat 1948 Turkmenistan
62%
100000 7.9 - 8.0 Ancash 1970 Peru
42%
No matching quizzes found
Score Distribution
Percent of People with Each Score
Percentile by Number Answered
Your Score History
You have not taken this quiz